00526nam a2200157Ia 4500100001100000942000700011654001500018245002800033260006100061082001800122300000700140546001200147999001700159952009600176952009600272 aAICTE  cBK aErgonomics aErgonomics CO-NO : 264 bContinuing Education Programmer AICTEaBangalorec1993 a620.82bAICTE a81 aENGLISH c28691d28691 001040708CRCaCRCEbCRCEd2023-03-17l0o620.82 AICTEp12017r2023-03-17w2023-03-17yBK 001040708CRCaCRCEbCRCEd2023-03-17l0o620.82 AICTEp12018r2023-03-17w2023-03-17yBK